000 00676nam a2200277Ia 4500
005 20260324140125.0
008 008 260324s9999 xx 000 0 eng d
020 _a9781315261829
037 _aEBOOK
040 _aCRL
040 _beng
040 _cCRL
041 _2eng
041 _aeng
084 _qCRL
100 _aCatherine Stevens; Mark W. Wiggins
_91203219
245 0 _aAviation Social Science: Research Methods in Practice
260 _bTaylor and Francis
260 _c1999
365 _a
365 _b340
856 _uhttp://www.taylorfrancis.com/books/9781315261829
942 _cEBOOK
999 _c1804942
_d1804942